Multi-Word Countries - 1 minute sprint (Easy) - Statistics

General Stats
  • This quiz has been taken 31 times
  • The average score is 19 of 38
Answer Stats
Answer % Correct
United States of America
92%
Democratic Republic of the Congo
88%
United Kingdom
88%
Dominican Republic
84%
Saint Kitts and Nevis
80%
Saint Lucia
76%
Saint Vincent and the Grenadines
76%
South Korea
76%
North Korea
72%
United Arab Emirates
72%
Republic of the Congo
68%
South Africa
60%
Antigua and Barbuda
56%
Central African Republic
56%
Papua New Guinea
56%
South Sudan
56%
Trinidad and Tobago
52%
New Zealand
48%
São Tomé and Príncipe
48%
Bosnia and Herzegovina
44%
Marshall Islands
44%
Saudi Arabia
44%
Cape Verde
40%
El Salvador
36%
Solomon Islands
36%
Burkina Faso
32%
Equatorial Guinea
32%
Federated States of Micronesia
32%
Guinea-Bissau
32%
North Macedonia
32%
Vatican City
32%
Costa Rica
28%
San Marino
28%
Sierra Leone
28%
East Timor
24%
Czech Republic
16%
Sri Lanka
8%
Ivory Coast
4%
No matching quizzes found
Score Distribution
Percent of People with Each Score
Percentile by Number Answered
Your Score History
You have not taken this quiz